Wykluczanie według kategorii - Geografia Europy #1 - Statystyki

Ogólne statystyki
  • Ten quiz został rozwiązany 5 172 razy
  • Średni wynik to 16 z 20
Statystyki odpowiedzi
Grupa # Kategoria % Poprawnych
Zielona 45 Państwa Europy
100%
Zielona 30 ... które mają dostęp do morza
99%
Zielona 15 ... z populacją poniżej 6 milionów
97%
Pomarańczowa 45 Stolice Europy
96%
Pomarańczowa 27 ... które zawierają literę A
96%
Zielona 9 ... które są częścią UE
93%
Zielona 1 ... i zaczyna się na D Dania
92%
Pomarańczowa 13 ... o średniej wysokości ponad 100 metrów
89%
Niebieska 45 Państwa Europy (według flagi)
89%
Niebieska 36 ... posiadają czerwony na nim
89%
Niebieska 19 ... posiadają niebieski na nim
88%
Fioletowa 90 Państwa lub stolice Europy
86%
Niebieska 7 ... mają trzy równe poziome paski
84%
Fioletowa 36 ... którego nazwa składa się z 8 lub więcej liter
84%
Pomarańczowa 6 ... z co najmniej 1 milionem ludzi
82%
Fioletowa 15 ... które są nadmorskie
79%
Fioletowa 5 ... zawierają literę S w swojej nazwie
70%
Niebieska 1 ...i mają na sobie orła Serbia
52%
Pomarańczowa 1 ... i tylko 9 liter w nazwie Budapeszt
37%
Fioletowa 1 ... i leży na wschód od Warszawy Helsinki
33%
Nie znaleziono quizów pasujących do podanych kryteriów
Rozkład punktacji
Procent ludzi z każdym wynikiem
Percentyl według liczby udzielonych odpowiedzi
Twoja historia wyników
Nie rozwiązałeś tego quizu